000 02109nam1a2200349 i 4500
001 RU\NLR\bibl\80142
005 20260407074143.0
035 _a(NLR Aleph) 000078241
090 _a434560
_c434560
100 _a20000412g19999999u y0rusy50 ca
101 0 _arus
102 _aRU
105 _ay |||||||||
200 1 _aСправочные материалы по гидрохимии
_eУчеб. пособие
_e[Для студентов спец. "Охрана окружающей среды и рацион. использ. природ. ресурсов", студентов хим.-пед. отд-ния при общетехн. фак.]
_fГусева Татьяна Валериановна, Молчанова Яна Павловна, Заика Елена Алексеевна, Виниченко Вадим Николаевич]
_gМ-во образования Рос. Федерации, Рос. хим.-технол. ун-т им. Д.И. Менделеева, Эколайн
210 _aМ.
_cРХТУ
_d1999
215 _d21
463 0 _100175123
463 0 _100175120
463 0 _100175125
606 _aГидрохимия
_jРуководства, пособия и т.п.
_9957598
_3RU\NLR\auth\6638179
606 _aГидрохимия
_jУчебные издания для высшей школы
_9957598
_3RU\NLR\auth\6638179
686 _aД220.12я73
701 1 _4070
_8rus
_7ca
_aГусева
_bТ. В.
_cд-р техн. наук, канд. хим. наук
_gТатьяна Валериановна
_3RU\NLR\AUTH\7736588
_919578
701 1 _aМолчанова
_bЯ. П.
_gЯна Павловна
_4070
701 1 _aЗаика
_bЕ. А.
_gЕлена Алексеевна
_4070
701 1 _aВиниченко
_bВ. Н.
_gВадим Николаевич
_4070
712 0 2 _4570
_aРоссийский химико-технологический университет им. Д. И. Менделеева
_3RU\NLR\AUTH\883338
_9277911
801 0 _aRU
_bNLR
_c20000412
_gPSBO
801 1 _aRU
_bNLR
_c20000412
852 _aNLR
_j2000-4/438
942 _cBOOK